Türk hiciv edebiyatında Ziya Paşa / (Record no. 15363)

MARC details
000 -BAŞLIK
Sabit Uzunlukta Kontrol Alanı 00950nam a22002777a 4500
999 ## - SİSTEM KONTROL NUMARALARI (KOHA)
Koha Biblionumber 15363
Koha Biblioitemnumber 15363
003 - KONTROL NUMARASI IDENTIFIER
Denetim Alanı MIRAKIL
005 - SON İŞLEM TARİHİ VE ZAMANI
Denetim Alanı 20240213173720.0
008 - SABİT-BOY VERİ ELEMANLARI - GENEL BİLGİLER
Sabit Uzunlukta Kontrol Alanı 240213b tu ||||| |||| 00| 0 tur d
020 ## - ULUSLARARASI STANDART KİTAP NUMARASI
Uluslararası Standart Kitap Numarası 9751726646
040 ## - KATALOGLAMA KAYNAK
Orijinal Kataloglama Ajansı TR-AnCHP
Metne Dönüştürmek Ajansı TR-AnCHP
041 ## - DİL KODU
Metin / Ses Parça Veya Ayrı Başlığın Dil Kodu Türkçe
082 ## - DEWEY ONLU SINIFLANDIRMA NUMARASI
Sınıflandırma Numarası 818.3209
Ürün Numarası A62t 2001
090 ## - SINIFLAMA NUMARASI
Sınıflama Numarası 818.3209 A62t 2001
100 ## - ANA GİRİŞ - KİŞİSEL İSİM
Kişisel Ad Apaydın, Mustafa
245 10 - BAŞLIK TABLOSU
Başlık Türk hiciv edebiyatında Ziya Paşa /
Sorumluluk Tablosu, Vb Mustafa Apaydın.
250 ## - EDITION TABLOSU
Baskı Beyanı 1. bs
260 ## - YAYIN, DAĞITIM, VB
Yayın, Dağıtım, Vb Yeri Ankara :
Yayıncı, Dağıtıcı, Vs Adı Kültür Bakanlığı Yayımlar Dai. Bşk.,
Yayın, Dağıtım, Vb Tarihi 2001.
300 ## - FİZİKSEL TANIM
Kapsam ix, 454 s. ;
Boyutlar 24 cm.
490 0# - SERİSİ TABLOSU
Seri Beyanı Kültür Bakanlığı yayınları ;
Hacim / Ardışık Tanımı 2571
490 0# - SERİSİ TABLOSU
Seri Beyanı Yayımlar Dairesi Başkanlığı sanat-edebiyat eserleri dizisi ;
Hacim / Ardışık Tanımı 364-119
504 ## - KAYNAKÇA VB NOT
Kaynakça Vb Notu Kaynakça: 437-447. ss<br/>
600 #0 - KONU KATMA GİRİŞ - KURUMSAL ADI
9 (RLIN) 7519
Kişisel Ad Ziya Paşa
650 #0 - KONU KATMA GİRİŞ - TOPİKAL DÖNEM
9 (RLIN) 7520
Topikal Süreli Veya Coğrafi Ad Giriş Elemanı Türk hiciv ve mecazı
856 ## - ELEKTRONİK YER VE ERİŞİM
Kamu Notu Dijital Nüshası için Partimizin Kütüphane Sorumlusu ile iletişime geçiniz.
942 ## - EKLENDİ GİRİŞ ELEMANLARI (KOHA)
Sınıflandırma Veya Raf Düzeni Kaynak Dewey Decimal Classification
Koha Öğesi Türü Books
Holdings
Kalıcı Konum Mevcut Konum Edinme Tarihi Toplam Check-Out'Lar Tam Çağrı Numarası Barkod Tarih Son Görülme İtibaren Geçerli Fiyatlar Koha Öğesi Türü
CHP Kütüphanesi CHP Kütüphanesi 02/13/2024   818.3209 A62t 2001 20951 02/13/2024 02/13/2024 Books